<?xml version="1.0" encoding="UTF-8"?><?xml-stylesheet type="text/xsl" href="static/style.xsl"?><OAI-PMH xmlns="http://www.openarchives.org/OAI/2.0/" xmlns:xsi="http://www.w3.org/2001/XMLSchema-instance" xsi:schemaLocation="http://www.openarchives.org/OAI/2.0/ http://www.openarchives.org/OAI/2.0/OAI-PMH.xsd"><responseDate>2026-06-01T07:59:11Z</responseDate><request verb="GetRecord" identifier="oai:riuma.uma.es:10630/26643" metadataPrefix="marc">https://riuma.uma.es/rest/oai/request</request><GetRecord><record><header><identifier>oai:riuma.uma.es:10630/26643</identifier><datestamp>2026-02-03T12:53:13Z</datestamp><setSpec>com_10630_25813</setSpec><setSpec>com_10630_3139</setSpec><setSpec>com_10630_10</setSpec><setSpec>col_10630_25817</setSpec></header><metadata><record xmlns="http://www.loc.gov/MARC21/slim" xmlns:dcterms="http://purl.org/dc/terms/" xmlns:doc="http://www.lyncode.com/xoai" xmlns:xsi="http://www.w3.org/2001/XMLSchema-instance" xsi:schemaLocation="http://www.loc.gov/MARC21/slim http://www.loc.gov/standards/marcxml/schema/MARC21slim.xsd">
   <leader>00925njm 22002777a 4500</leader>
   <datafield ind2=" " ind1=" " tag="042">
      <subfield code="a">dc</subfield>
   </datafield>
   <datafield ind2=" " ind1=" " tag="720">
      <subfield code="a">López Rubio, Dolores C.</subfield>
      <subfield code="e">author</subfield>
   </datafield>
   <datafield ind2=" " ind1=" " tag="720">
      <subfield code="a">Rosas Lozano, Mª Victoria</subfield>
      <subfield code="e">author</subfield>
   </datafield>
   <datafield ind2=" " ind1=" " tag="720">
      <subfield code="a">Torres Martín, Luís</subfield>
      <subfield code="e">author</subfield>
   </datafield>
   <datafield ind2=" " ind1=" " tag="720">
      <subfield code="a">Vico Aranda, José María</subfield>
      <subfield code="e">author</subfield>
   </datafield>
   <datafield ind2=" " ind1=" " tag="260">
      <subfield code="c">1996-02-15</subfield>
   </datafield>
   <datafield ind2=" " ind1=" " tag="520">
      <subfield code="a">Actualmente en España una de cada cuatro personas encarceladas está en prisión preventiva, sin que se haya emitido una sentencia firme sobre su culpabilidad. No obstante, destaca el hecho de que el porcentaje de presos preventivos, en relación con los penados, ha disminuido durante los últimos años. Hace un lustro, uno de cada tres presos era preventivo. La reducción indica que, efectivamente, el proceso judicial penal se ha agilizado y que ahora un mayor número de casos se instruyen a través del procedimiento abreviado, lo que ha originado un acortamiento del tiempo de prisión preventiva. Sin embargo, los criterios para la aplicación de la prisión provisional siguen siendo ambiguos. Este trabajo presenta un perfil de los presos preventivos en Málaga y sugiere algunas reformas en la aplicación de esta medida.</subfield>
   </datafield>
   <datafield ind1="8" ind2=" " tag="024">
      <subfield code="a">López Rubio, D. C., Rosas Lozano, M. V., Torres Martín, L., &amp; Vico Aranda, J. M. (1996). La prisión preventiva. Boletín Criminológico, (2). https://doi.org/10.24310/Boletin-criminologico.1996.v2i.9053</subfield>
   </datafield>
   <datafield ind1="8" ind2=" " tag="024">
      <subfield code="a">https://hdl.handle.net/10630/26643</subfield>
   </datafield>
   <datafield ind1="8" ind2=" " tag="024">
      <subfield code="a">https://doi.org/10.24310/Boletin-criminologico.1996.v2i.9053</subfield>
   </datafield>
   <datafield tag="653" ind2=" " ind1=" ">
      <subfield code="a">Prisión provisional - España</subfield>
   </datafield>
   <datafield ind2="0" ind1="0" tag="245">
      <subfield code="a">La prisión preventiva.</subfield>
   </datafield>
</record>
</metadata></record></GetRecord></OAI-PMH>